MLB Milwaukee Brewers Season Home Run Leaders - Statistics

General Stats
  • This quiz has been taken 79 times
    28 since last reset
  • The average score is 28 of 59
Answer Stats
Year Player % Correct
2012 Ryan Braun
100%
2008 Ryan Braun
100%
2025 Christian Yelich
96%
2019 Christian Yelich
96%
2018 Christian Yelich
96%
2011 Prince Fielder
92%
2010 Prince Fielder
92%
2009 Prince Fielder
92%
2007 Prince Fielder
92%
1984 Robin Yount
92%
2024 Willy Adames
72%
2023 Willy Adames
72%
1985 Cecil Cooper
64%
1983 Cecil Cooper
64%
1982 Gorman Thomas
64%
1981 Gorman Thomas
64%
1979 Gorman Thomas
64%
Eric Thames
52%
2014 Carlos Gómez
48%
2013 Carlos Gómez
48%
2004 Geoff Jenkins
48%
2000 Geoff Jenkins
48%
2003 Richie Sexson
48%
2002 Richie Sexson
48%
2001 Richie Sexson
48%
2016 Chris Carter
44%
1990 Rob Deer
44%
1989 Rob Deer
44%
1988 Rob Deer
44%
1987 Rob Deer
44%
1986 Rob Deer
44%
2017 Travis Shaw
44%
1980 Ben Oglivie
40%
1977 Don Money
40%
2015 Khris Davis
36%
2022 Rowdy Tellez
36%
2005 Carlos Lee
32%
1976 George Scott
32%
1975 George Scott
32%
1974 George Scott
32%
1994 Greg Vaughn
32%
1993 Greg Vaughn
32%
1992 Greg Vaughn
32%
1991 Greg Vaughn
32%
1999 Jeromy Burnitz
32%
1998 Jeromy Burnitz
32%
1997 Jeromy Burnitz
32%
1996 John Jaha
28%
1995 John Jaha
28%
2021 Avisaíl García
24%
2006 Bill Hall
24%
2020 Keston Hiura
24%
1970 Tommy Harper
20%
John Briggs
12%
1972 John Briggs
12%
1971 John Briggs
12%
1973 Dave May
4%
1969 Don Mincher
4%
1978 Larry Hisle
4%
No matching quizzes found
Score Distribution
Percent of People with Each Score
Percentile by Number Answered
Your Score History
You have not taken this quiz since the last reset